00610cam a22001574a 4500020002500000020002200025040001000047082002600057245007000083246007100153260014300224300002700367650001700394700002200411700001900433 a9789050958806 (pbk.) a905095880X (pbk.) cBTCTA a332 DIS 2009 A073 Or.00a60 years of the Universal Declaration of Human Rights in Europe /3 aSixty years of the Universal Declaration of Human Rights in Europe aAntwerp :bIntersentia Publishers ;aPortland, OR :bDistribution for the USA and Canada: International Specialized Book Services,cc2009. axvii, 471 p. ;c24 cm. 0aHuman rights1 aJaichand, Vinodh.1 aSuksi, Markku,